000 00305nam a2200121Ia 4500
008 190216s9999||||xx |||||||||||||| ||und||
100 _aVayalar Ramavarma
245 0 _aKonthayum Poonoolum
260 _bSahithya Pravarthaka Sahakarana Sangam
_c1950
300 _a111p
650 _aKavithkal
942 _cBK
999 _c23851
_d23851